LEADER 01057nam a22002651i 4500 001 991002902229707536 005 20040517152927.0 008 040624s1955 it |||||||||||||||||ita 035 $ab12995526-39ule_inst 035 $aARCHE-095320$9ExL 040 $aDip.to Beni Culturali$bita$cA.t.i. Arché s.c.r.l. Pandora Sicilia s.r.l. 082 04$a709.938 100 1 $aGiglioli, Giulio Quirino$0191003 245 10$aArte greca /$cGiulio Quirino Giglioli 260 $aMilano :$bFrancesco Vallardi,$c1955 300 $a2 v. ;$c25 cm 440 0$aStoria dell'arte classica 650 4$aArte$zGrecia antica$xStoria 907 $a.b12995526$b02-04-14$c12-07-04 912 $a991002902229707536 945 $aLE001 AR I 16 4$g1$i2001000097531$lle001$nV. 1. - C. 1$o-$pE0.00$q-$rl$s- $t0$u0$v0$w0$x0$y.i1360255x$z12-07-04 945 $aLE001 AR I 16a 8$g1$i2001000097524$lle001$nV. 2. - C. 1$o-$pE0.00$q-$rl$s- $t0$u0$v0$w0$x0$y.i13602561$z12-07-04 996 $aArte greca$9283578 997 $aUNISALENTO 998 $ale001$b12-07-04$cm$da $e-$fita$git $h0$i2 LEADER 01150nam0-22003011i-450 001 990005353220403321 005 20230912135951.0 035 $a000535322 035 $aFED01000535322 035 $a(Aleph)000535322FED01 035 $a000535322 100 $a19990530f---0---9km-y0itay50------ba 101 0 $aita 105 $af-------00--- 200 1 $aRegione VII (Etruria) III. Veio$eScavi nella necropoli degli alunni dell'anno 1926-27 del corso di topografia dell'Italia antica della R. Universita di Roma, [G.Q. Giglioli$fAchille Adriani] 210 $as.l.$ds.d. 215 $aP. 46-46, 3 tav.$d29 cm 300 $aEstratto dal volume VI, serie VI. fascicoli 1, 2 e 3 degli atti della R. Accademia Nazionale dei Lincei. Notizie degli scavi di antichita 700 1$aGiglioli,$bGiulio Quirino$f<1886-1957>$0191003 702 1$aAdriani,$bAchille$f<1905-1982> 712 0 $aAccademia nazionale dei Lincei 801 0$aIT$bUNINA$gRICA$2UNIMARC 901 $aBK 912 $a990005353220403321 952 $aARCH. BM MISC. 057 (10)$bARCH. 14496$fFLFBC 959 $aFLFBC 996 $aRegione VII (Etruria) III. Veio$9599302 997 $aUNINA